Sports Quiz

Random Sports or Cricket Quiz

Cricket - Most Wickets by Australians v Pakistan Quiz Stats

 Plays Quiz not verified by Sporcle

Challenge
Share
Tweet
Embed
Score 0/16 Timer 10:00
0 Plays Today
Span Player % Correct
1994-2005Shane Warne
100%
1994-2005Glenn McGrath
100%
1972-1984Dennis Lillee
95.3%
1994-1995Craig McDermott
79.1%
1998-2005Stuart MacGill
76.7%
2009-2014Mitchell Johnson
75%
1981-1990Terry Alderman
69.8%
1956-1959Richie Benaud
69.8%
Span Player % Correct
1994-1999Damien Fleming
58.1%
1979-1984Rodney Hogg
55.8%
1982-1984Geoff Lawson
48.8%
1988-1994Tim May
48.8%
2009-2010Nathan Hauritz
37.2%
1983-1990Carl Rackemann
32.6%
1979-1982Bruce Yardley
25.6%
1980-1982Ray Bright
18.6%

You're not logged in!

Compare scores with friends on all Sporcle quizzes.
Join for Free
OR
Log In

You Might Also Like...

Show Comments

Extras

Top Quizzes Today


Score Distribution

Your Account Isn't Verified!

In order to create a playlist on Sporcle, you need to verify the email address you used during registration. Go to your Sporcle Settings to finish the process.

Report this User

Report this user for behavior that violates our Community Guidelines.

Details: